Planar graphs
Αποθηκεύτηκε σε:
| Άλλοι συγγραφείς: | |
|---|---|
| Μορφή: | Βιβλίο |
| Γλώσσα: | English |
| Δημοσίευση: |
Providence, Rhode island :
American Mathematical Society,
c1993
|
| Σειρά: | DIMACS series in discrete mathematics and theoretical computer science ;
; 9 |
| Θέματα: | |
| Ετικέτες: |
Προσθήκη ετικέτας
Δεν υπάρχουν, Καταχωρήστε ετικέτα πρώτοι!
|
MARC
| LEADER | 00000nam a2200000 i 4500 | ||
|---|---|---|---|
| 001 | 1/76065 | ||
| 008 | 990331s1993 eng d | ||
| 020 | |a 0-8218-6600-1 | ||
| 035 | |l 10049503 | ||
| 040 | |a GR-MY-UA |b gre |e aacr | ||
| 041 | 0 | |a eng | |
| 082 | 0 | |a 511.5 | |
| 245 | 1 | 0 | |a Planar graphs / |c William T. Totter editor |
| 260 | |a Providence, Rhode island : |b American Mathematical Society, |c c1993 | ||
| 300 | |a xii, 152 p.; |b ill.; |c 27 cm. | ||
| 490 | 1 | |a DIMACS series in discrete mathematics and theoretical computer science |v ; 9 | |
| 500 | |a Research articles and extended abstracts of participants at the Planar Graphs Workshop held at DIMARCS from November 18, 1991 through November 21, 1991 | ||
| 500 | |a Includes bibliographical references | ||
| 650 | 0 | 0 | |a Graph theory |x Congresses. |
| 700 | 1 | |a Trotter, William T. |4 edt | |
| 830 | 0 | |a DIMACS series in discrete mathematics and theoretical computer science ; |v ; 9 | |
| 852 | |a INST |b SAMOS |e 19990331 |h 511.5 PLA |p 005300012953 |q 005300012953 |t BK |y 0 | ||
| 901 | |a BIBL-1999-1 | ||
| 909 | |a Σ |b 063945 | ||
| 922 | |a 3ΕΛΗ |b 199901 |c ΚΠΣ |d GLORY | ||